Tratado Latinoamericano de sociología del trabajo /
El interés de este artículo es presentar algunas de las principales tendencias que se manifiestan en la coordinación económica y productiva como consecuencia de los cambios en las relaciones interpresariales y con el entorno institucional y regional. Mas que describir estos cambios, el interés radic...
محفوظ في:
| المؤلف الرئيسي: | |
|---|---|
| مؤلفون مشاركون: | , |
| مؤلفون آخرون: | |
| التنسيق: | نص |
| منشور في: |
México, D.F:
El Colegio México
|
| الموضوعات: | |
| الوسوم: |
إضافة وسم
لا توجد وسوم, كن أول من يضع وسما على هذه التسجيلة!
|
MARC
| LEADER | 00000 a a2200000 04500 | ||
|---|---|---|---|
| 001 | 26866 | ||
| 003 | |||
| 040 | |||
| 020 | |a 968-16-6026-9 | ||
| 090 | |a 146611 | ||
| 100 | |a Garza Toledo, Enrique de la | ||
| 110 | |a FLACSO | ||
| 245 | |a Tratado Latinoamericano de sociología del trabajo / |c FLACSO | ||
| 260 | |a México, D.F: |b El Colegio México | ||
| 300 | |a 796 p | ||
| 520 | |a El interés de este artículo es presentar algunas de las principales tendencias que se manifiestan en la coordinación económica y productiva como consecuencia de los cambios en las relaciones interpresariales y con el entorno institucional y regional. Mas que describir estos cambios, el interés radica en reflexionar sobre las condiciones y los efectos de estos cambios técnicos y económicos en la coordinación empresarial, ya que ésta se apoya en la redefinición de una nueva institucionalidad centrada en la interacción y la comunicación. DOC/WMV | ||
| 650 | |a TRABAJO | ||
| 650 | |a TEORIA | ||
| 650 | |a ANALISIS SOCIOLOGICO | ||
| 650 | |a TEORIA ECONOMICA | ||
| 650 | |a FACTORES DE PRODUCCION | ||
| 650 | |a SISTEMAS FLEXIBLES DE PRODUCCION | ||
| 650 | |a CAPACIDAD DE PRODUCCION | ||
| 650 | |a ORGANIZACION DEL TRABAJO | ||
| 650 | |a INDUSTRIA ESTRATEGICA | ||
| 650 | |a RELACIONES LABORALES | ||
| 650 | |a COMUNICACION | ||
| 650 | |a IDENTIDAD | ||
| 650 | |a ORGANIZACION DEL TRABAJO | ||
| 650 | |a INDUSTRIAS ESTRATEGICAS | ||
| 700 | |a coord | ||
| 710 | |a El Colegio de México |a Universidad Autónoma Metropolitana |a Fondo de Cultura Económica | ||
| 999 | |c 3215 |d 3215 | ||



